Acerca de los paises con orientación socialista /
Tallennettuna:
| Päätekijä: | |
|---|---|
| Aineistotyyppi: | Teksti |
| Tagit: |
Lisää tagi
Ei tageja, Lisää ensimmäinen tagi!
|
MARC
| LEADER | 00000 a a2200000 04500 | ||
|---|---|---|---|
| 001 | 47000 | ||
| 003 | |||
| 040 | |||
| 100 | |a Ulianovski, Rostislav | ||
| 245 | |a Acerca de los paises con orientación socialista / |c Rostislav Ulianovski | ||
| 773 | |g volumen2, número79, (1980), páginas 105-114 | ||
| 999 | |c 32194 |d 32194 | ||
